00369 2200145 4500001002100000005001500021035002000036245003900056100002000095260004800115082001000163084001600173020002200189990001200211INLIS00000000000167320250429104436 a0010-04250000891 aCaptain Tsubasa /cYoichi Takahasi0 aYoichi Takahasi aJakarta :bPT. Elek Media Komputindo,c2015 a741.3 a741.3 YOI c a978-979-27-6161-4 a0754669